Fill-in-the-Blank Movies Quiz Stats

 Plays Quiz Updated Jan 8, 2019

Support Sporcle.
Go Orange.
Score 0/40 Timer 04:00
3 Plays Today
Movie Title Word % Correct
_____ Trek, Rock _____Star
97.9%
_____ Miss Sunshine, The _____ MermaidLittle
95.3%
Some Like It _____, _____ Tub Time MachineHot
92.2%
Cheaper by the _____, Dirty _____Dozen
90.6%
Die _____, _____ To KillHard
90.3%
_____ Story, _____ SoldiersToy
89.1%
Tropic _____, Days of _____Thunder
88.2%
Monkey _____, Risky _____Business
87.2%
Sin _____, _____ of AngelsCity
85.8%
Wall _____, _____ FighterStreet
83.9%
Soylent _____, The _____ MileGreen
83.5%
Date _____, _____ ShiftNight
83.4%
The _____ Purple, The _____ of MoneyColor
83.3%
Freaky _____, His Girl _____Friday
81.9%
_____ Monkeys, _____ Angry MenTwelve
79.2%
Meet Joe _____, _____ Sheep Black
78.5%
_____ of Brian, The _____ Aquatic with Steve ZissouLife
77.4%
Gone _____ Gone, Rosemary's _____Baby
76.5%
The Evil _____, Better off _____Dead
75.2%
Old _____, _____ of RockSchool
75%
Movie Title Word % Correct
_____ and Deliver, _____ by MeStand
74.2%
Shanghai _____, High _____Noon
72.2%
_____ Simple., There Will Be _____ Blood
71.9%
Big _____, A _____ Called WandaFish
71.1%
_____ Durham, Raging _____Bull
70.3%
Funny _____, Ordinary _____People
70.1%
A Serious _____, Yes _____Man
69.2%
The Lost _____, _____ Don't CryBoys
68.2%
_____ Can Wait, Kingdom of _____Heaven
67.7%
_____ River, _____ PizzaMystic
66.8%
Wag the _____, _____ Day AfternoonDog
66.4%
American _____ X, A _____ of ViolenceHistory
64.9%
_____ Age, The _____ HarvestIce
61.9%
The _____ Boy Scout, _____ Action HeroLast
59.7%
Air _____, Coming to _____America
58%
_____Guns, Forever _____Young
56.4%
_____ Of Men, _____ Of A Lesser GodChildren
52.2%
Big _____, Nothing But _____Trouble
21.3%
One _____ Summer, _____ HeartCrazy
20.7%
Dirty _____, Blood _____Work
6.1%

From the Vault

Famous Literary Hats

by BookishGirl98

All of these hats appear in books, but only one of them is able to read a book to you.
Remove Ads.
Support Sporcle.
Get the best of Sporcle when you Go Orange. This ad-free experience offers more features, more stats, and more fun while also helping to support Sporcle. Thank you for becoming a member.

Show Comments

Extras

Top Quizzes Today


Score Distribution

Your Account Isn't Verified!

In order to create a playlist on Sporcle, you need to verify the email address you used during registration. Go to your Sporcle Settings to finish the process.

Report this User

Report this user for behavior that violates our Community Guidelines.

Details: